| 000 | 01267cam a2200337 a 4500 | ||
|---|---|---|---|
| 001 | 3031 | ||
| 003 | FISKH | ||
| 005 | 20240131140640.0 | ||
| 008 | 000515s2001 nyu c 000 1 eng | ||
| 010 | _a 00040702 | ||
| 020 | _a0380977443 | ||
| 020 | _a0060291494 (lib. bdg.) | ||
| 040 |
_aDLC _cDLC _dDLC _beng |
||
| 042 | _alcac | ||
| 050 | 0 | 0 |
_aPZ7.M5926 _bTo 2001 |
| 082 | 0 | 0 |
_a[Fic] _221 |
| 100 | 1 |
_aMikaelsen, Ben, _d1952- |
|
| 245 | 1 | 0 |
_aTouching Spirit Bear / _cBen Mikaelsen. |
| 250 | _aFirst Scholastic printing, February 2002 | ||
| 260 |
_aNew York : _bScholastic, _c2001 |
||
| 300 |
_a241 pages : _c20 cm |
||
| 520 | _aAfter his anger erupts into violence, Cole, in order to avoid going to prison, agrees to participate in a sentencing alternative based on the native American Circle Justice, and he is sent to a remote Alaskan Island where an encounter with a huge Spirit Bear changes his life. | ||
| 650 | 1 |
_aJuvenile delinquents _xRehabilitation _vFiction. |
|
| 650 | 1 |
_aAnger _vFiction. |
|
| 650 | 1 |
_aForgiveness _vFiction. |
|
| 650 | 1 |
_aChild abuse _vFiction. |
|
| 650 | 1 |
_aTlingit Indians _vFiction. |
|
| 650 | 1 |
_aIndians of North America _zAlaska _vFiction. |
|
| 906 |
_a7 _bcbc _corignew _d1 _eocip _f20 _gy-gencatlg |
||
| 942 |
_2ddc _cBK _n0 |
||
| 999 |
_c3031 _d3031 |
||